| 000 | 01477nam a22002897a 4500 | ||
|---|---|---|---|
| 003 | PE SENCICO BE | ||
| 005 | 20251020182621.0 | ||
| 008 | 221207b |||||||| |||| 00| 0 eng d | ||
| 020 | _a978-84-9048-130-1 | ||
| 040 |
_aPE SENCICO BE _cPE SENCICO BE |
||
| 041 | _aspa | ||
| 082 |
_a690 _bM77M _c2014 |
||
| 100 | 1 |
_9211 _aMontalvá Subirats, José Miguel _eautor |
|
| 245 | 1 |
_aConstrucción y arquitectura industrial : _bcolección de problemas resueltos / _cJosé Miguel Montalvá Subirats, Héctor Saura Arnau |
|
| 250 | _a2a ed. | ||
| 260 |
_aValencia: _bUniversitat Politécnica de Valencia, _c2014. |
||
| 300 |
_a394 p.: _bdiagrs.; _c24 cm. |
||
| 504 | _aBibliografía: p. 379. | ||
| 505 | 0 | _aAcciones: Acciones permanentes -- Acciones variables -- Pórtico interior: Pilar del pórtico interior -- Jácena del pórtico interior -- Pilar y jácena del pórtico -- Pórtico de fahcda: Pilar del pórtico de fachada -- Viga contraviento -- Arriostramiento -- Placa de anclaje: Placa a compresión -- Placa a flexión -- Placa a compresión y flexión -- Cimentaciones: Equilibrio. Seguridad al vuelo -- Equilibrio y agotamiento del terreno -- Equilibrio y agotamiento de la cimentación -- Agotamiento del terreno | |
| 650 | 1 | 0 |
_aIngeniería civil _954 |
| 650 | 2 | 0 |
_aCimientos _945 |
| 650 | 2 | 0 |
_aPórticos _9212 |
| 700 | 1 |
_9213 _aSaura Arnau, Héctor |
|
| 910 |
_bhfp _chfp |
||
| 942 |
_2ddc _cLIB _h690 _iM77M _e2014 |
||
| 999 |
_c3672 _d3672 |
||